| 000 | 00692nam a22001337a 4500 | ||
|---|---|---|---|
| 040 | _cRUA | ||
| 082 | _aAGR SUY B1-458 Or. | ||
| 100 | _aSUY TANG Y,ស៊ុយ តាំងអ៊ី | ||
| 245 | _aCOMPARISION OF DIFFERENT RATES OF CHICKEN MANUREON ON GROWTH AND YIELD OF CULLANTRO (Eryngium foetidum),ប្រៀបធៀបលាមកមាន់ក្នុងកម្រិតខុសគ្នាទៅលើការលូតលាស់ និងទិន្នផលដំណាំជីរណា | ||
| 260 |
_aphnom penh _brua _c2023 |
||
| 300 |
_aix.28p. _bill. _c29cm. |
||
| 856 | _uhttps://drive.google.com/file/d/19X3PLk2bMbC98nxLEqlV_Lg5DOZJdhUm/view?usp=sharing | ||
| 942 | _cAGR | ||
| 999 |
_c23697 _d23697 |
||